Dorpen en Steden van Noord-Holland - Statistieken

Algemene statistieken
  • Deze quiz is 125 keer genomen
  • De gemiddelde score is 70 van 237
Antwoordstatistieken
Gemeente Kern % Correct
Haarlem Haarlem
91%
Amsterdam Amsterdam
88%
Zaanstad Zaandam
86%
Den Helder Den Helder
82%
Hoorn Hoorn
82%
Alkmaar Alkmaar
80%
Enkhuizen Enkhuizen
80%
Edam-Volendam Volendam
76%
Edam-Volendam | Waterland Purmer *
74%
Amstelveen Amstelveen
71%
Castricum Castricum
71%
Edam-Volendam Edam
71%
Beverwijk Beverwijk
70%
Dijk en Waard Heerhugowaard
67%
Hilversum Hilversum
67%
Velsen Ijmuiden
67%
Purmerend Purmerend
67%
Zandvoort Zandvoort
67%
Bloemendaal Bloemendaal
65%
Schagen Schagen
65%
Aalsmeer Aalsmeer
62%
Bergen Bergen
62%
Texel Den Burg
62%
Heiloo Heiloo
62%
Heemskerk Heemskerk
61%
Haarlemmermeer Hoofddorp
61%
Medemblik Medemblik
61%
Uithoorn Uithoorn
58%
Wormerland Wormer
58%
Blaricum Blaricum
56%
Texel De Koog
56%
Diemen Diemen
56%
Uitgeest Uitgeest
56%
Hollands Kroon Anna Paulowna
55%
Zaanstad Assendelft
55%
Huizen Huizen
55%
Gooise Meren Bussum
53%
Zaanstad Krommenie
53%
Heemstede Heemstede
52%
Haarlemmermeer Schiphol
52%
Laren Laren
50%
Zaanstad Wormerveer
50%
Hollands Kroon Den Oever
48%
Gooise Meren Naarden
47%
Den Helder Julianadorp
45%
Bergen Schoorl
44%
Hoorn Zwaag
44%
Dijk en Waard Broek op Langedijk
42%
Landsmeer Landsmeer
42%
Opmeer Opmeer
42%
Velsen Velsen-Zuid
42%
Bergen Egmond aan Zee
41%
Waterland Monnickendam
41%
Haarlemmermeer Nieuw-Vennep
41%
Oostzaan Oostzaan
41%
Velsen Velsen-Noord
41%
Velsen Velserbroek
41%
Waterland Broek in Waterland
39%
Hollands Kroon Hippolytushoef
39%
Koggenland Obdam
39%
Haarlemmermeer Badhoevedorp
38%
Ouder-Amstel Duivendrecht
38%
Waterland Marken
38%
Hollands Kroon Wieringerwerf
38%
Bloemendaal Aerdenhout
36%
Schagen Petten
36%
Velsen Santpoort-Zuid
36%
Beverwijk Wijk aan Zee
36%
Texel De Cocksdorp
35%
Haarlemmermeer Halfweg
35%
Purmerend Middenbeemster
35%
Velsen Santpoort-Noord
35%
Haarlemmermeer Zwanenburg
35%
Bergen Bergen aan Zee
33%
Haarlemmermeer Vijfhuizen
33%
Hollands Kroon Winkel
33%
Schagen Callantsoog
32%
Alkmaar De Rijp
32%
Velsen Driehuis
32%
Stede Broec Grootebroek
32%
Drechterland Hoogkarspel
32%
Schagen Sint Maarten
32%
Stede Broec Bovenkarspel
30%
Waterland Ilpendam
30%
Gooise Meren Muiden
30%
Zaanstad Zaandijk
30%
Castricum Akersloot
29%
Medemblik Andijk
29%
Hollands Kroon Breezand
29%
Texel Den Hoorn
29%
Bergen Egmond-Binnen
29%
Zaanstad Koog aan de Zaan
29%
Castricum Limmen
29%
Ouder-Amstel Ouderkerk aan de Amstel
29%
Hollands Kroon Wieringerwaard
29%
Bloemendaal Bennebroek
27%
Alkmaar | Dijk en Waard Koedijk *
27%
Hollands Kroon Middenmeer
27%
Dijk en Waard Noord-Scharwoude
27%
Bloemendaal Overveen
27%
Drechterland Venhuizen
27%
Medemblik Wervershoof
27%
Medemblik Wognum
27%
Dijk en Waard Zuid-Scharwoude
27%
Hoorn Blokker
26%
Bergen Groet
26%
Stede Broec Lutjebroek
26%
Hollands Kroon Nieuwe Niedorp
26%
Haarlem | Haarlemmermeer Spaarndam *
26%
Alkmaar Stompetoren
26%
Zaanstad Westzaan
26%
Schagen 't Zand
24%
Haarlemmermeer Cruquius
23%
Den Helder Huisduinen
23%
Hollands Kroon Lutjewinkel
23%
Purmerend Noordbeemster
23%
Schagen Oudesluis
23%
Medemblik Nibbixwoud
21%
Schagen Schagerbrug
21%
Schagen Sint Maartensvlotbrug
21%
Schagen Warmenhuizen
21%
Alkmaar Graft
20%
Haarlemmermeer Haarlemmerliede
20%
Opmeer Hoogwoud
20%
Edam-Volendam Oosthuizen
20%
Hollands Kroon Oude Niedorp
20%
Dijk en Waard | Schagen Oudkarspel *
20%
Alkmaar Oudorp
20%
Hollands Kroon Slootdorp
20%
Hollands Kroon 't Veld
20%
Alkmaar | Koggenland Ursem *
20%
Hollands Kroon Westerland
20%
Wormerland Wijdewormer
20%
Purmerend Zuidoostbeemster
20%
Koggenland Avenhorn
18%
Landsmeer Den Ilp
18%
Waterland Katwoude
18%
Hollands Kroon Kolhorn
18%
Wijdemeren Loosdrecht
18%
Medemblik Midwoud
18%
Gooise Meren Muiderberg
18%
Texel Oudeschild
18%
Haarlemmermeer Schiphol-Rijk
18%
Dijk en Waard Sint Pancras
18%
Schagen Tuitjenhorn
18%
Purmerend Westbeemster
18%
Zaanstad Westknollendam
18%
Haarlemmermeer Abbenes
17%
Hollands Kroon Barsingerhorn
17%
Koggenland Berkhout
17%
Schagen Burgerbrug
17%
Texel De Waal
17%
Bergen Egmond aan den Hoef
17%
Drechterland Hem
17%
Hollands Kroon Kreileroord
17%
Aalsmeer Kudelstaart
17%
Edam-Volendam Kwadijk
17%
Haarlemmermeer Lijnden
17%
Texel Oosterend
17%
Medemblik Oostwoud
17%
Koggenland Scharwoude
17%
Schagen Sint Maartensbrug
17%
Medemblik Zwaagdijk-West
17%
Haarlemmermeer Aalsmeerderbrug
15%
Zandvoort Bentveld
15%
Uithoorn De Kwakel
15%
Schagen Dirkshorn
15%
Alkmaar Driehuizen
15%
Haarlemmermeer Lisserbroek
15%
Edam-Volendam Middelie
15%
Alkmaar Oterleek
15%
Landsmeer Purmerland
15%
Opmeer Spanbroek
15%
Bloemendaal Vogelenzang
15%
Waterland Watergang
15%
Drechterland Westwoud
15%
Medemblik Zwaagdijk-Oost
15%
Medemblik Abbekerk
14%
Haarlemmermeer Buitenkaag
14%
Koggenland De Goorn
14%
Alkmaar Markenbinnen
14%
Drechterland Oosterblokker
14%
Wormerland Oostknollendam
14%
Medemblik Opperdoes
14%
Edam-Volendam Schardam
14%
Drechterland Schellinkhout
14%
Koggenland Spierdijk
14%
Schagen Waarland
14%
Wijdemeren Ankeveen
12%
Haarlemmermeer Boesingheliede
12%
Medemblik Hauwert
12%
Wormerland Jisp
12%
Haarlemmermeer Leimuiderbrug
12%
Wijdemeren Nederhorst-Den Berg
12%
Haarlemmermeer Oude Meer
12%
Haarlemmermeer Rijsenhout
12%
Alkmaar Schermerhorn
12%
Wormerland Spijkerboor
12%
Medemblik Twisk
12%
Waterland Uitdam
12%
Edam-Volendam Warder
12%
Drechterland Wijdenes
12%
Waterland Zuiderwoude
12%
Haarlemmermeer Zwaanshoek
12%
Ouder-Amstel Amsterdam Duivendrecht
11%
Medemblik Benningbroek
11%
Haarlemmermeer Burgerveen
11%
Castricum De Woude
11%
Koggenland Hensbroek
11%
Wijdemeren Kortenhoef
11%
Alkmaar Oost-Graftdijk
11%
Wijdemeren 's-Graveland
11%
Haarlemmermeer Weteringbrug
11%
Alkmaar Zuidschermer
11%
Edam-Volendam Beets
9%
Haarlemmermeer Beinsdorp
9%
Hollands Kroon Haringhuizen
9%
Haarlemmermeer Rozenburg
9%
Alkmaar West-Graftdijk
9%
Wijdemeren Breukeleveen
8%
Alkmaar Grootschermer
8%
Edam-Volendam Hobrede
8%
Drechterland Oosterleek
8%
Medemblik Sijbekarspel
8%
Hollands Kroon Zijdewind
8%
Opmeer Aartswoud
6%
Opmeer De Weere
6%
Alkmaar Noordeinde
6%
Koggenland Zuidermeer
6%
Medemblik Lambertschaag
5%
Koggenland Oudendijk
5%
Alkmaar Starnmeer
3%
Geen overeenkomende quizzen gevonden
Scoreverdeling
Procent van Mensen met Elke Score
Percentiel versus Aantal Correcte Antwoorden
Uw Scoregeschiedenis
U heeft deze quiz nog niet genomen